000 00373nam a2200109Ia 4500
008 171204s9999 xx 000 0 und d
245 _aManaging Organizational Change: A Practical Toolkit For Leaders
245 _cHelen Campbell
260 _c2014
650 _xHUMAN BEHAVIOR IN ORGANIZATION WITH ETHICS
856 _uhttp://down.ebook777.com/022/ManOrgChaAPraTooForLea.pdf
999 _c346984
_d346984